000 00202nam a22000977a 4500
003 SGT
245 _a JOURNAL OF PATHOLOGY
260 _bLONDON WILEY INTER SCIENCE
_c2007
300 _a590
942 _2ddc
_cBV
999 _c19214
_d19214